100K+ Cities in Baden-Württemberg - Statistics

General Stats
  • This quiz has been taken 51 times
  • The average score is 8 of 9
Answer Stats
Pop. City % Correct
612,663 Stuttgart
100%
318,035 Mannheim
95%
309,050 Karlsruhe
93%
237,460 Freiburg im Breisgau
91%
155,756 Heidelberg
86%
129,882 Ulm
86%
134,912 Pforzheim
74%
131,986 Heilbronn
70%
118,852 Reutlingen
63%
No matching quizzes found
Score Distribution
Percent of People with Each Score
Percentile by Number Answered
Your Score History
You have not taken this quiz